000 00366nam a2200109 a 4500
005 20201002031700.0
008 130704s1966 000 spa d
100 _aMaldonado Denis, Manuel
_98036
245 0 _aFrantz Fanon (1924-1961) y el pensamiento anticolonialista.
260 _aSanto Domingo -- univers. autonoma de sto. dgo.,
_c1966 -- 20 pag.
999 _c38989
_d38989
040 _aDO-SdBNP